000
00290nam a22001217a 4500
008
170828b xxu||||| |||| 00| 0 eng d
041
_a
eng
080
_a
070
100
_a
39
101
_a
MED
245
_a
LOOKING AT MOVIES AN INTRODUCTION TO FILM
_c
BARSAM.R
942
_2
udc
_c
BK
999
_c
25188
_d
25188